| 000 | 01058nam a2200241 i 4500 | ||
|---|---|---|---|
| 001 | 163763 | ||
| 003 | ES-MaACL | ||
| 005 | 20250713063724.0 | ||
| 008 | 940301s1864 sp ae |||| | spa d | ||
| 040 |
_aAS _bspa _dCCPB |
||
| 100 | 1 |
_aRodríguez de Berlanga, Manuel, _d1825-1909 _998441 |
|
| 245 | 1 | 0 |
_aMonumentos históricos del municipio Flavio Malacitano / _cque ha ordenado Manuel Rodríguez de Berlanga. |
| 260 |
_aMalaga : _bImprenta y Librería de José Martinez de Aguilar hoy del Avisador Malagueño, _c1864. |
||
| 300 |
_aXI, 574 p., [1] h. de plan., [1] h. de grab., [3] h. de grab. pleg., [2] h. pleg. ; _c26 cm. |
||
| 594 | _aAlgunos textos en latín, francés, inglés y alemán. | ||
| 597 | _aPort.a dos tintas. | ||
| 599 | _aPlano de Málaga realizado en 1791 por José Carrión de Mula. | ||
| 630 | 0 | 4 |
_aLex Flavia Malacitana. _9160632 |
| 650 | 4 |
_aInscripciones latinas- _zMálaga. _9136293 |
|
| 651 | 4 |
_aMálaga- _xRestos arqueológicos. _9137272 |
|
| 852 |
_aES-MaACL _jF-9379 _z-- Enc. pasta |
||
| 999 |
_c163763 _d163763 |
||